[Event "SVK ECo-C Extraliga 2018-19"]
[Site "Slovakia"]
[Date "2019.02.17"]
[Round "6.5"]
[White "Varga, Zoltan"]
[Black "Haring, Viktor"]
[Result "1-0"]
[WhiteElo "2440"]
[BlackElo "2278"]
[Annotator "TA"]
[PlyCount "117"]
[EventDate "2018.11.10"]
[EventType "team-tourn"]
[EventCountry "SVK"]
[SourceTitle "playchess.com"]
[Source "ChessBase"]
[SourceQuality "1"]
[WhiteTeam "Streda"]
[BlackTeam "Liptovska"]

{[%evp 9,117,15,27,-11,0,0,0,-4,4,8,8,11,0,0,33,12,61,-55,-48,-57,-64,-90,-84,-226,-210,-212,-229,-212,-225,-189,-110,-110,-16,-14,-8,-6,-11,-29,-39,-57,-61,-62,0,0,8,0,116,0,0,-12,281,270,270,258,261,222,227,227,298,224,229,211,302,227,250,250,250,239,238,243,335,243,228,98,225,189,190,186,164,155,240,256,249,247,250,227,228,196,216,206,589,650,584,550,962,271,271,270,385,173,1093,836,1163,1128,797,675,4644,2210,5114,5081]} 1. e4 c5 2. Nf3 Nc6 3. Bb5 e6 4. Bxc6 bxc6 5. b3 d6 6. d4 {B30: Sicilian: 2...Nc6 3 Bb5, lines without ...g6} (6. e5 dxe5 7. Nxe5 Qg5 8. Ng4 f5 9. Qf3 fxg4 10. Qxc6+ Kd8 11. Qxa8 Qe5+ 12. Kd1 Qxa1 13. Nc3 a6 14. Ke2 Nf6 15. Rd1 c4 16. bxc4 Kc7 17. Qa7+ Bb7 18. c5 Nd5 19. Ba3 {1-0 (19) Gonzalez Vidal,Y (2553)-Almeida Quintana,O (2545) Merida 2018}) 6... cxd4 7. Qxd4 e5 8. Qd3 {The position is equal.} Nf6 9. O-O Be7 10. c4 O-O $146 ({Predecessor:} 10... Qc7 11. Bb2 a5 12. Nc3 O-O 13. Rfe1 Ba6 {1-0 (27) Ivanov,V (2220)-Franz,K St Petersburg 1992}) 11. Nc3 Nh5 12. Rd1 f5 13. c5 (13. Nd5 $1 $14) 13... fxe4 $15 14. Qxe4 d5 $1 {[%cal Rd5e4]} 15. Qxe5 Bg4 16. Qd4 (16. h3 $17 Bf6 17. Qe2 Bxc3 18. hxg4 Bxa1 19. Qe6+ Kh8 20. gxh5) 16... Bxf3 $19 17. gxf3 Bf6 $1 {[%cal Rf6d4]} (17... Rxf3 18. Be3 $17) 18. Qd3 Be5 19. Re1 Bf4 (19... Bc7 $1 $19 {Threatens to win with ...Qh4.} 20. Ne2 Qh4) 20. Ne2 $17 Bxc1 ({Better is} 20... Bc7 $17) 21. Raxc1 $11 Qg5+ 22. Kh1 Rae8 23. Rg1 Qh4 24. Nd4 Nf4 {[%mdl 1024] Black has compensation.} 25. Qd2 Nh3 (25... Re5 $1 $15 26. Rg4 Qh6) 26. Rg3 Rf6 27. b4 $40 {[%mdl 128] Black needs to defend precisely.} Re5 (27... a6 $11) 28. f4 (28. b5 $16) 28... Nxf4 29. Nf3 Qh5 $2 {[%mdl 8192]} (29... Re2 $11 30. Qxe2 Nxe2 {[%mdl 64] Discovered Attack} 31. Nxh4 Nxc1) 30. Nxe5 $18 Qxe5 31. Re1 Qf5 32. Qd4 Nh3 33. f3 Nf4 34. Qe5 ({Don't do} 34. Re8+ $6 Kf7 $16) 34... Qxe5 35. Rxe5 {[%mdl 4096] Endgame KRR-KRN} d4 (35... Kf7 {was called for.} 36. Re3 Re6 37. Rxe6 Nxe6) 36. Re4 d3 37. Rd4 Ne2 38. Rxd3 {aiming for Rg4.} Nxg3+ 39. hxg3 {KR-KR} Re6 40. Ra3 Re7 {[#]} 41. f4 (41. Ra6 $1 $18) 41... Kf7 (41... Re4 $16 {keeps fighting.}) 42. Kg2 Rb7 43. Kf3 Ke6 44. Re3+ Kd5 (44... Kf6 $16) 45. Re4 {Ke3 is the strong threat.} a5 46. Re5+ (46. bxa5 Kxc5 47. Re6 Kb5 $14) 46... Kd4 47. bxa5 Ra7 48. Kg4 Rxa5 49. Re7 Rxa2 $2 (49... Rxc5 50. Rd7+ (50. Rxg7 h5+ 51. Kh4 Rf5 $16) 50... Ke4) 50. Rxg7 Rh2 51. Rg5 Rh6 52. Re5 $2 (52. f5 Ke5 53. Rg7) 52... Rg6+ 53. Kf3 Rf6 (53... Rh6 $142 54. Rg5 Rh3) 54. g4 (54. Rh5 $142) 54... h6 $2 (54... Rf7 55. Rh5 Rc7) 55. Kg3 {White is clearly winning.} Rg6 56. Kh4 Rf6 {[#]} 57. Rf5 $1 {[%cal Rf5f6]} Re6 58. Kh5 Kc4 59. g5 {Accuracy: White = 58%, Black = 37%.} 1-0

[Event "SVK ECo-C Extraliga 2018-19"]
[Site "Slovakia"]
[Date "2019.02.17"]
[Round "6.5"]
[White "Istona, Martin"]
[Black "Chovan, Milan"]
[Result "1/2-1/2"]
[WhiteElo "2269"]
[BlackElo "2336"]
[Annotator "TA"]
[PlyCount "36"]
[EventDate "2018.11.10"]
[EventType "team-tourn"]
[EventCountry "SVK"]
[SourceTitle "playchess.com"]
[Source "ChessBase"]
[SourceQuality "1"]
[WhiteTeam "Osuske"]
[BlackTeam "Podhajska"]

{[%evp 23,36,0,0,0,0,0,0,-25,34,33,39,39,43,44,35]} 1. e4 e5 2. Nf3 Nc6 3. d4 exd4 4. Nxd4 Bc5 5. Nb3 Bb6 6. Nc3 Nf6 7. Bg5 h6 8. Bh4 O-O {C45: Scotch Game} 9. Qe2 (9. Bd3 g5 10. Bg3 d5 11. O-O Bg4 12. Qd2 dxe4 13. Nxe4 Nxe4 14. Bxe4 Qf6 15. c3 Bf5 16. Qc2 Bxe4 17. Qxe4 {0-1 (54) Istona,M (2240)-Chovan,M (2292) Slovakia 2018}) 9... a5 10. a4 Nd4 11. Qd3 Nxb3 12. cxb3 c6 {LiveBook: 9 Games} 13. O-O-O {e5 is the strong threat.} d5 14. exd5 cxd5 {[#]} 15. Qc2 $146 Be6 {[#]} (15... d4 $11) 16. Nxd5 $1 $14 {[%mdl 512] White is slightly better.} Bxd5 17. Bxf6 $1 Qxf6 18. Rxd5 Qxf2 1/2-1/2

[Event "SVK ECo-C Extraliga 2018-19"]
[Site "Slovakia"]
[Date "2019.02.17"]
[Round "6.6"]
[White "Nayhebaver, Martin"]
[Black "Bures, Jaroslav"]
[Result "0-1"]
[WhiteElo "2460"]
[BlackElo "2395"]
[Annotator "TA"]
[PlyCount "110"]
[EventDate "2018.11.10"]
[EventType "team-tourn"]
[EventCountry "SVK"]
[SourceTitle "playchess.com"]
[Source "ChessBase"]
[SourceQuality "1"]
[WhiteTeam "Zilina"]
[BlackTeam "Slovan"]

{[%evp 10,110,27,22,27,26,39,22,10,0,0,0,0,-9,0,-10,0,-14,-7,-17,-18,-22,-12,-18,0,0,0,-12,-3,-20,-20,-12,0,0,0,0,0,0,0,0,0,0,0,0,0,0,0,0,0,0,0,-84,-84,-84,-82,-73,-79,-100,-101,-102,-102,-102,-102,-106,-98,-98,-91,-80,-59,-207,-163,-198,-197,-197,-197,-197,-189,-313,-188,-658,-502,-682,-676,-627,-603,-591,-567,-802,-697,-1076,-1110,-900,-922,-897,-872,-2432,-2416,-2175,-1970,-1683,-1688,-1350,-1164]} 1. e4 c6 2. Nc3 d5 3. Nf3 dxe4 4. Nxe4 Nf6 5. Qe2 Nxe4 6. Qxe4 Qa5 {B11: Caro-Kann: Two Knights Variation} 7. Bc4 (7. Bd3 Na6 8. Qe5 Qxe5+ 9. Nxe5 Nb4 10. Be4 f6 11. c3 Nd5 12. Nf3 a5 13. d4 a4 14. Bd2 {½-½ (41) Adams,M (2703)-Howell,D (2696) London 2018}) 7... Bf5 8. Qf4 {Hoping for b4!} e6 {The position is equal.} 9. c3 Nd7 $146 ({Predecessor:} 9... Be7 10. d4 Nd7 11. O-O O-O 12. a4 Rac8 13. Nh4 Bc2 14. Re1 {0-1 (37) Nayhebaver,M (2471)-Tica,S (2444) Le Castella 2018}) 10. O-O Qc5 11. Be2 Bd6 12. Qa4 Qb6 13. d4 Qc7 14. c4 O-O 15. Be3 c5 16. h3 e5 17. dxe5 Nxe5 18. Rad1 b6 19. Rd2 Rad8 20. Rfd1 Nxf3+ 21. Bxf3 Bh2+ 22. Kf1 Rxd2 23. Rxd2 Bf4 24. Qc6 Qb8 25. Qb7 Bxe3 26. Qxb8 $1 Rxb8 27. fxe3 $11 {[%mdl 4096] Endgame KRB-KRB} Kf8 28. Bd5 Ke7 29. Ke2 Rd8 30. Bf3 {[#]} (30. e4 $11 Be6 31. Ke3) 30... Rxd2+ $1 $17 31. Kxd2 {KB-KB} Kd6 32. Bd5 f6 33. e4 Bg6 34. Ke3 Ke5 35. Bc6 h6 36. Bb7 Bh7 37. Bd5 g5 38. Bc6 h5 39. Bd5 {[#]} (39. g3 $1 $15) 39... h4 $1 $19 40. Bb7 Bg6 41. Bc6 Bf7 42. Bd5 Be8 43. Bg8 (43. Bb7 $142) 43... Ba4 44. b3 $2 (44. Bd5) 44... Bc6 {Black is clearly winning.} 45. Bd5 Be8 46. Bb7 Bg6 47. Bc6 a5 48. Bb7 f5 49. exf5 Bxf5 50. Bc6 Bb1 51. a3 Bc2 52. a4 Bxb3 53. Bb5 Bc2 54. Bc6 Bf5 55. Be8 Be4 {Accuracy: White = 48%, Black = 75%.} 0-1

[Event "SVK ECo-C Extraliga 2018-19"]
[Site "Slovakia"]
[Date "2019.02.17"]
[Round "6.6"]
[White "Maslikova, Veronika"]
[Black "Karas, Marek"]
[Result "1/2-1/2"]
[WhiteElo "2244"]
[BlackElo "2243"]
[Annotator "TA"]
[PlyCount "99"]
[EventDate "2018.11.10"]
[EventType "team-tourn"]
[EventCountry "SVK"]
[SourceTitle "playchess.com"]
[Source "ChessBase"]
[SourceQuality "1"]
[WhiteTeam "Podhajska"]
[BlackTeam "Osuske"]

{[%evp 17,99,0,0,-20,-14,-31,-22,-40,-10,-37,-10,-13,-23,-14,-9,-3,0,-6,0,-2,0,-16,0,-9,0,0,12,17,6,-23,14,14,33,33,37,31,89,52,62,53,54,47,65,25,31,21,34,25,50,41,34,0,33,37,35,0,27,22,52,52,58,0,0,0,0,0,153,160,216,0,323,0,0,0,0,0,0,0,0,0,0,0,54,79]} 1. e4 e6 2. d3 d5 3. Nd2 c5 4. Ngf3 Nc6 5. g3 Nf6 6. Bg2 Be7 7. O-O b6 8. Re1 Bb7 9. exd5 Nxd5 10. Ne4 {C00: French: Unusual White 2nd moves} (10. Nc4 O-O 11. c3 Qc7 12. a4 a6 13. Bd2 h6 14. Na3 Rfd8 15. Qc2 Rd7 16. Rad1 Rad8 17. Bc1 Bf6 18. h4 Qb8 19. Nc4 Ba8 20. Nh2 {½-½ (43) Sturua,Z (2548)-Akesson,R (2445) Sabadell 2017}) 10... Qd7 11. Bh3 $146 ({Predecessor:} 11. Bd2 Bf6 12. Nxf6+ gxf6 13. Bc3 O-O-O 14. Qd2 h5 15. Nh4 Rhg8 16. Qe2 Rg4 17. Nf3 Nf4 18. gxf4 {0-1 (25) Karlsson,U (2027)-Nygren,K (2184) Vaxjo 2017}) 11... h6 12. Bd2 {The position is equal.} Nf6 (12... Rd8 {with more complications.} 13. Bg2 O-O 14. a3 Qc8 15. Qe2 Rd7) 13. Bg2 Nxe4 14. dxe4 Rd8 15. c3 O-O 16. Be3 Qxd1 17. Raxd1 Bf6 18. Rxd8 Rxd8 19. Bf1 Kf8 20. Bc1 Nb8 21. Nd2 Be5 22. f4 Bc7 23. Kf2 Bc6 24. e5 b5 25. Nb3 Bb6 26. Be3 Na6 (26... Nd7 $1 $14) 27. Be2 (27. c4 {keeps more tension.} b4 28. g4 Rc8 29. Be2 Ba8 30. Bf3) 27... Be8 28. Rd1 Rxd1 29. Bxd1 c4 30. Nd4 Nc5 31. Bc2 Ke7 32. Ke2 Kd8 33. Kd2 Kc7 34. Ke2 a5 35. a3 Na6 36. Be4 Bc5 37. f5 Bxd4 38. Bxd4 $11 {[%mdl 4096] Endgame KBB-KBN} Bc6 39. Ke3 (39. fxe6 $14 fxe6 40. Bg6) 39... Bxe4 40. Kxe4 {KB-KN} Kd7 41. g4 Nb8 $2 (41... Kc6 $11) 42. f6 $16 g5 {[#]} (42... gxf6 $16 {was called for.} 43. exf6 Kd8) 43. Bf2 $2 (43. Bc5 $1 $18) 43... Nc6 $2 {[%mdl 8192]} (43... Kc6 $11 {and Black has nothing to worry.}) 44. h4 $2 (44. Bc5 $18) 44... gxh4 $11 45. Bxh4 a4 46. Be1 Ke8 47. Bd2 Kf8 48. Bxh6+ Kg8 49. Be3 Kh7 ({Black should try} 49... Na5 $11) 50. Bb6 {Accuracy: White = 55%, Black = 36%.} 1/2-1/2

[Event "SVK ECo-C Extraliga 2018-19"]
[Site "Slovakia"]
[Date "2019.02.17"]
[Round "6.6"]
[White "Tropp, Oliver"]
[Black "Bagi, Mate"]
[Result "0-1"]
[WhiteElo "2169"]
[BlackElo "2453"]
[Annotator "TA"]
[PlyCount "94"]
[EventDate "2018.11.10"]
[EventType "team-tourn"]
[EventCountry "SVK"]
[SourceTitle "playchess.com"]
[Source "ChessBase"]
[SourceQuality "1"]
[WhiteTeam "Liptovska"]
[BlackTeam "Streda"]

{[%evp 16,94,-22,-18,0,0,14,-15,-19,-135,-141,-144,-148,-152,-135,-163,-152,-169,-170,-185,-168,-172,-143,-148,-129,-154,-136,-145,-94,-237,-231,-244,-227,-326,-320,-324,-325,-358,-356,-414,-409,-409,-316,-439,-400,-471,-436,-497,-204,-199,-122,-226,-218,-796,-72,-74,-17,-29,-13,-22,-9,-25,-29,-21,-21,-42,-48,-67,-72,-75,-82,-84,-43,-41,-43,-45,-43,-335,-334,-639,-624]} 1. e4 e5 2. d3 Nc6 3. Nc3 Nf6 4. g3 d5 5. exd5 Nxd5 6. Bg2 Nxc3 7. bxc3 Bc5 8. Rb1 O-O 9. Ne2 f5 $146 {C26: Vienna Game: 2...Nf6, sidelines} ({Predecessor:} 9... Be6 10. O-O Bd5 11. Bxd5 Qxd5 12. c4 Qf3 13. Nc3 Qxd1 14. Rxd1 b6 15. Be3 Nd4 16. Ne4 Be7 17. Bxd4 exd4 {½-½ (92) Janev,E (2484)-Arnaudov,P (2476) Panagyurishte 2012}) 10. O-O f4 11. d4 {[%cal Re2f4]} f3 {The position is equal.} 12. dxc5 (12. Bxf3 $1 $11 {was the only way to keep the balance.} Rxf3 13. dxc5) 12... fxg2 $17 13. Kxg2 Qe7 14. Be3 Be6 15. h4 Rad8 16. Qc1 Qf7 {Hoping for ...Qf3+.} 17. Ng1 Bxa2 18. Rxb7 Bd5+ 19. Kh2 Rd7 {[%mdl 1024] Black has strong compensation.} 20. Rd1 a5 {[%cal Ba7a5,Ba5a4][%mdl 32]} 21. Rb1 Qf5 (21... Ne7 $142 22. c6 Nxc6) 22. Rd2 (22. f3 $17) 22... Qe4 $19 {[%csl Gd5][%cal Re4h1]} 23. Rxd5 Qxd5 24. Nh3 (24. Qa3 {might work better.}) 24... a4 25. Ra1 Ra8 26. Qb2 h6 27. Qb7 Ne7 28. Qb5 Qc6 29. Qc4+ Kh8 30. Qg4 a3 31. Qh5 Qf6 (31... Nd5 $142 32. Qxe5 Re7) 32. Rxa3 Rf8 ({Better is} 32... Rxa3 $19 33. Qe8+ Ng8 34. Qxd7 Rxc3) 33. c6 (33. Qe2 $17) 33... Qxc6 34. Qxe5 $2 (34. Qe2) 34... Nf5 $2 (34... Rf5 $19 {and Black stays clearly on top.} 35. Qd4 Rxd4 36. Bxd4 Qe4) 35. Qc5 $17 Qf6 (35... Rf6 $17 36. Qxc6 Rxc6) 36. Bf4 $11 Re8 (36... Qf7 {is interesting.} 37. Ra5 Ne7 38. Ra7 Rc8 39. Be3 Nf5) 37. Ra5 Nd6 38. Qh5 Qf7 39. Qg4 Ne4 40. Rf5 Nf6 $36 {[%mdl 2048] Black has the initiative.} 41. Qf3 Qg6 42. Ra5 Kh7 43. Rc5 Ree7 44. Kg2 $1 Qxc2 45. Be5 Rf7 {aiming for ...Ne4.} 46. Nf4 $2 {[%mdl 8192] [#]} ({White should play} 46. Bxf6 $15 Rxf6 47. Nf4) 46... Ne4 $1 $19 {[%cal Re4c5]} 47. Rc6 $2 {[#]} (47. Ra5 c5 48. Ra2 Qxa2 49. Qxe4+ Kg8 50. c4) 47... Nxf2 $1 {[%mdl 512] Accuracy: White = 24%, Black = 53%.} 0-1

[Event "SVK ECo-C Extraliga 2018-19"]
[Site "Slovakia"]
[Date "2019.02.17"]
[Round "6.7"]
[White "Czebe, Attila"]
[Black "Hros, Roman"]
[Result "1-0"]
[WhiteElo "2392"]
[BlackElo "2204"]
[Annotator "TA"]
[PlyCount "125"]
[EventDate "2018.11.10"]
[EventType "team-tourn"]
[EventCountry "SVK"]
[SourceTitle "playchess.com"]
[Source "ChessBase"]
[SourceQuality "1"]
[WhiteTeam "Streda"]
[BlackTeam "Liptovska"]

{[%evp 9,125,8,25,-20,0,-9,2,0,27,12,16,21,22,-19,0,-18,0,-9,30,-19,14,15,12,16,14,0,4,4,4,-11,77,77,77,77,77,77,77,77,78,78,63,41,106,79,144,244,87,50,690,457,1325,1332,1332,1332,1332,1332,1332,1321,1325,1325,1321,1314,1314,1307,1292,1285,1267,1267,1193,1073,929,770,1347,1337,12830,12831,12825,12838,12838,12808,4133,1247,12836,12832,12827,12841,12841,11160,29944,6651,29957,29966,29966,29962,29966,29970,29967,29971,29970,29972,29977,29973,29978,29979,29984,29981,29983,29984,29985,29986,29986,29987,29989,29990,29991,29992,29992,29992]} 1. e4 c5 2. Nf3 e6 3. b3 b6 4. Bb2 Bb7 5. Nc3 Nf6 (5... a6 6. d4 cxd4 7. Nxd4 Qc7 8. Qd2 Nf6 9. f3 Nc6 10. Nxc6 dxc6 11. O-O-O Be7 12. Bd3 b5 13. e5 Nd7 14. Ne4 Nxe5 15. Qc3 {1-0 (35) So,W (2780)-Vallejo Pons,F (2707) Leon 2018}) 6. Bd3 {B40: Sicilian: 2...e6, Unusual lines} (6. e5 $5 {[%cal Re5f6]} Nd5 7. Nxd5 Bxd5 8. Be2 $11) 6... d6 7. e5 $146 ({Predecessor:} 7. Qe2 Nbd7 8. O-O-O a6 9. Ng5 h6 10. Nh3 Ne5 11. f4 Nxd3+ 12. Qxd3 Qc7 {½-½ (59) Carlstedt,J (2412)-Glantz,R (2314) Erfurt 2016}) 7... dxe5 8. Nxe5 {The position is equal.} Nbd7 9. Nxd7 Qxd7 10. Qe2 Be7 ({But not} 10... Bxg2 $2 11. f3 $18) 11. Ne4 Nxe4 12. Bxe4 Bxe4 13. Qxe4 O-O 14. O-O-O (14. Qg4 {with more complications.} f6 15. d3 Rad8 16. a4 Bd6 17. O-O) 14... Qd5 (14... Rfc8 {is interesting.} 15. h4 c4 16. Rh3 cxb3 17. axb3 Qc6) 15. Qxd5 exd5 16. Rhe1 Rfe8 17. Re5 $36 {[%mdl 2048] White has the initiative.} Rad8 18. Rde1 Kf8 19. h3 Bf6 (19... f6 $11 {remains equal.} 20. R5e2 Bd6) 20. Rxe8+ $16 Rxe8 21. Rxe8+ Kxe8 22. Bxf6 gxf6 {[%mdl 4096] Endgame KP-KP} 23. d4 Kd7 24. Kd2 Kc6 25. Kd3 Kd6 (25... f5 $14) 26. c3 a5 {[#]} ({Black should try} 26... cxd4 27. Kxd4 f5) 27. g4 $1 Kc6 $2 (27... Ke6 $18 28. a3 Kd7) 28. dxc5 Kxc5 $2 {[%mdl 8192]} (28... bxc5 $14 29. f4 Kb5) 29. a3 $18 f5 (29... h6 $142 30. h4 f5) 30. gxf5 f6 31. b4+ Kb5 32. Kd4 Ka4 33. bxa5 bxa5 34. Kxd5 Kxa3 35. c4 Kb2 36. c5 a4 37. c6 a3 38. c7 a2 39. Ke6 a1=Q 40. c8=Q {KQ-KQ} Qe1+ 41. Kxf6 Qxf2 42. Kf7 Qa7+ 43. Kg8 Qg1+ 44. Kf8 Qb6 45. Qe6 (45. Qd7 $142 Qf6+ 46. Kg8) 45... Qb8+ 46. Kg7 Qg3+ 47. Kh8 Qxh3 48. Qe5+ Kc2 49. Qc5+ (49. f6 $142 Qf3 50. Qc7+ Kd3 51. Qxh7+ Ke2 52. f7 Qc3+ 53. Kg8 Qg3+ 54. Qg7) 49... Kd2 50. f6 {White mates.} Qf3 51. Qg5+ Ke2 52. Kg8 Qa8+ 53. Kg7 Qa1 54. Kh6 Qa6 55. Qe5+ Kf3 56. Kg7 Qc8 57. Qd5+ Kf4 58. Qd4+ Kg3 59. f7 Qb7 60. Qf6 h5 61. Kh6 Qxf7 62. Qxf7 h4 63. Qf1 {Accuracy: White = 64%, Black = 31%.} 1-0

[Event "SVK ECo-C Extraliga 2018-19"]
[Site "Slovakia"]
[Date "2019.02.17"]
[Round "6.7"]
[White "Briestensky, Rastislav"]
[Black "Kostelny, Jozef"]
[Result "1-0"]
[WhiteElo "2343"]
[BlackElo "2212"]
[Annotator "TA"]
[PlyCount "97"]
[EventDate "2018.11.10"]
[EventType "team-tourn"]
[EventCountry "SVK"]
[SourceTitle "playchess.com"]
[Source "ChessBase"]
[SourceQuality "1"]
[WhiteTeam "Slovan"]
[BlackTeam "Zilina"]

{[%evp 13,97,29,39,36,45,0,39,24,33,7,49,37,61,7,22,13,22,-116,-122,-114,-61,-44,122,97,200,203,189,110,158,160,436,95,268,-180,0,0,0,0,8,18,144,133,243,243,743,718,525,388,1780,1698,1041,406,423,137,130,49,49,49,49,49,52,56,29970,29968,29958,617,29973,42,5210,74,70,67,267,418,4690,4622,29976,29979,29979,29980,29980,29981,29981,29982,29982,29980]} 1. d4 Nf6 2. Nf3 g6 3. e3 Bg7 4. Be2 O-O 5. O-O d6 6. c4 Nc6 7. Nc3 e5 8. d5 {A25: English Opening vs King's Indian with ...Nc6 but without early d3} Ne7 9. Ne1 (9. b4 a5 10. bxa5 Rxa5 11. Nd2 Nd7 12. Nb3 Ra8 13. a4 f5 14. Ba3 e4 15. Qc2 b6 {1-0 (23) Kuzubov,Y (2638)-Onischuk,V (2614) Lvov 2016}) 9... Nd7 10. Rb1 $146 {White is slightly better.} ({Predecessor:} 10. e4 f5 11. f3 Nf6 12. Nd3 c6 13. a4 Bd7 14. Bg5 {0-1 (32) Kettner,H (1298)-Wehmeier,S (1752) Germany 2013}) 10... f5 11. f4 g5 12. fxg5 Ng6 13. Nf3 (13. e4 $14 Nc5 14. Bd3) 13... e4 $11 14. Nd4 {Hoping for Ne6.} Nde5 15. Ne6 (15. b4 $11) 15... Bxe6 $1 $17 16. dxe6 Qxg5 ({Black should play} 16... c6 $1 $17 17. Rf2 Qe7) 17. Nd5 $15 Kh8 $2 (17... c6 $15 {keeps the upper hand.} 18. e7 Rfc8 19. e8=Q+ Rxe8) 18. e7 $1 $36 {[%cal Re7f8][%mdl 2048] White is really pushing.} Rg8 (18... Rfc8 $16) 19. Nxc7 $18 Nh4 {[%csl Gh4][%cal Rg5g2]} 20. g3 (20. Rf2 $1 $18) 20... Nef3+ 21. Bxf3 (21. Kh1 Nxh2 $1 {[%mdl 512]} 22. Rg1 (22. Kxh2 $2 Be5 $19) (22. gxh4 Qxh4 23. Qe1 Qh3 24. Qg3 Qxg3 25. Rg1 Qh4 26. Rg3 Nf3+ 27. Kg2 Bc3 28. Nxa8 Qxg3+ 29. Kh1 Qh4#) 22... N2f3 $19) 21... exf3 $2 (21... Nxf3+ $16 {was called for.} 22. Rxf3 exf3) 22. Rxf3 $2 (22. Nxa8 $18 {and White stays clearly on top.} Qxe7 23. Bd2) 22... Qg4 $2 (22... Nxf3+ $16 23. Qxf3 f4) 23. Kf2 $4 {[%mdl 8192]} (23. Rf1 $18 Qe4 24. Qd5 Qxb1 25. Nxa8 (25. gxh4 Be5+ 26. Kh1 Rac8 $14) 25... Rxa8 26. Qxb7 (26. gxh4 Qe4 $18)) 23... Qh3 $2 (23... Nxf3 $19 24. Qxf3 Qxc4 {[%mdl 64] Double Attack} 25. Nxa8 Qc2+ {[%mdl 64] Double Attack} 26. Qe2 Qxb1) 24. Qh1 $11 Nxf3 25. Qxf3 Qxh2+ 26. Qg2 Qh5 (26... Qxg2+ $11 27. Kxg2 Rac8) 27. Nxa8 $16 Qd1 (27... Rxa8 $16 {might work better.} 28. Qxb7 Re8) 28. Qd5 $18 ({Don't blunder} 28. Qxb7 $2 Be5 $19) 28... Qc2+ $2 (28... Qxd5 29. cxd5 Rxa8) 29. Bd2 $1 Rxa8 30. Rc1 Qxb2 $2 (30... Qe4 31. Qf7 (31. Qxd6 Re8 $18) 31... f4 32. gxf4 Qg6) 31. c5 Qe5 32. Qxe5 (32. Qf7 $142 Qf6 33. e8=Q+ Rxe8 34. Qxe8+ Qf8 35. Qxf8+ Bxf8 36. c6 bxc6 37. Rxc6) 32... Bxe5 {[%mdl 4096] Endgame KRB-KRB} 33. Bc3 $2 (33. Rd1 $18) 33... Kg8 $16 34. Bxe5 (34. Bb4 $1 $16 d5 35. Rd1) 34... dxe5 {KR-KR} 35. Rd1 {Rd8+ would kill now.} Re8 $1 36. Rd7 Kf7 37. Rxb7 Rxe7 $2 {[%mdl 8192]} (37... a6 $14) 38. c6 Ke6 39. e4 (39. c7 $142 Re8 40. Rb8 Rc8 41. Rxc8 Kd6 42. Rh8 Kxc7 43. Rxh7+ Kd6 44. Rxa7) 39... fxe4 {[#]} 40. Ke3 $2 (40. c7 $1 {mates} Re8 41. Rb8 Kd7 42. Rxe8 Kxc7 43. Re7+ Kc6 44. Rxa7 h5 45. Ke3) 40... Kd6 $2 {[%mdl 8192]} (40... Re8 $14) 41. Kxe4 $2 (41. Rxe7 $18 {and the rest is easy.} Kxe7 42. Kxe4) 41... Re8 42. c7 {Threatens to win with Rb8.} Rc8 $2 (42... Rg8 $1 $14) 43. Rxa7 $18 Kc6 {[#]} (43... Rg8 $142 44. a4 h5) 44. Ra3 $1 Kb6 45. Rc3 {White mates.} Kb7 46. g4 h6 47. a3 Kb6 48. Kxe5 Kb7 49. Kd6 {Accuracy: White = 36%, Black = 18%.} 1-0

[Event "SVK ECo-C Extraliga 2018-19"]
[Site "Slovakia"]
[Date "2019.02.17"]
[Round "6.7"]
[White "Spacek, Oliver"]
[Black "Horvath, Mario"]
[Result "1-0"]
[WhiteElo "2184"]
[BlackElo "2198"]
[Annotator "NA"]
[PlyCount "77"]
[EventDate "2018.11.10"]
[EventType "team-tourn"]
[EventCountry "SVK"]
[SourceTitle "playchess.com"]
[Source "ChessBase"]
[SourceQuality "1"]
[WhiteTeam "Osuske"]
[BlackTeam "Podhajska"]
[TimeControl "40/5400+30:1800+30"]

1. d4 {[%emt 0:00:00]} d5 {[%emt 0:00:00]} 2. c4 {[%emt 0:00:25]} c6 {[%emt 0:00:00]} 3. Nf3 {[%emt 0:00:29]} Nf6 {[%emt 0:00:10]} 4. e3 {[%emt 0:00:14]} a6 {[%emt 0:01:23]} 5. Nbd2 {[%emt 0:06:34]} Bf5 {[%emt 0:04:49]} 6. Qb3 {[%emt 0:10:01]} Qc7 {[%emt 0:06:13]} 7. Nh4 {[%emt 0:05:33]} Bg6 {[%emt 0:05:50]} 8. Nxg6 {[%emt 0:09:37]} hxg6 {[%emt 0:00:45]} 9. g3 {[%emt 0:00:22]} Nbd7 {[%emt 0:07:06]} 10. Bg2 {[%emt 0:02:14]} e6 {[%emt 0:04:01]} 11. O-O {[%emt 0:02:05]} b5 {[%emt 0:08:00]} 12. cxd5 {[%emt 0:08:07]} cxd5 {[%emt 0:00:40]} 13. e4 {[%emt 0:08:40]} Nb6 {[%emt 0:13:03]} 14. e5 {[%emt 0:11:55]} Nfd7 {[%emt 0:02:00]} 15. Nf3 {[%emt 0:00:03]} Qc4 {[%emt 0:19:03]} 16. Qe3 {[%emt 0:02:58]} Be7 {[%emt 0:02:10]} 17. Qf4 {[%emt 0:03:25]} Qc2 {[%emt 0:03:20]} 18. g4 {[%emt 0:06:33]} f5 {[%emt 0:06:43]} 19. exf6 {[%emt 0:04:16]} gxf6 {[%emt 0:00:05]} 20. Re1 {[%emt 0:01:42]} g5 {[%emt 0:00:16]} 21. Qe3 {[%emt 0:01:29]} Nf8 {[%emt 0:00:05]} 22. b3 {[%emt 0:00:54]} Qc7 {[%emt 0:01:39]} 23. Qe2 {[%emt 0:06:46]} Qd6 {[%emt 0:07:06]} 24. h3 {[%emt 0:03:46]} Bd8 {[%emt 0:00:10]} 25. a4 {[%emt 0:00:22]} b4 {[%emt 0:03:01]} 26. Bd2 {[%emt 0:00:02]} Nc8 {[%emt 0:00:30]} 27. Rac1 {[%emt 0:00:45]} Ne7 {[%emt 0:00:07]} 28. Rc5 {[%emt 0:01:04]} Bb6 {[%emt 0:00:19]} 29. Bxb4 {[%emt 0:00:14]} Bxc5 {[%emt 0:00:43]} 30. dxc5 {[%emt 0:00:11]} Qb8 {[%emt 0:03:33]} 31. Bc3 {[%emt 0:00:35]} e5 {[%emt 0:00:41]} 32. Nxe5 {[%emt 0:00:41]} Qxb3 {[%emt 0:00:03]} 33. Nc6 {[%emt 0:01:00]} Rh7 {[%emt 0:01:30]} 34. Bxf6 {[%emt 0:01:38]} Kd7 {[%emt 0:00:39]} 35. Nxe7 {[%emt 0:00:30]} Re8 {[%emt 0:01:04]} 36. Bxd5 {[%emt 0:00:43]} Qxh3 {[%emt 0:00:18]} 37. Be6+ {[%emt 0:00:24]} Kc7 {[%emt 0:00:41]} 38. Qe5+ {[%emt 0:00:12]} Kb7 {[%emt 0:00:28]} 39. Bd5+ {[%emt 0:00:08]} 1-0